Estadísticas para Click para traducir - Catalán

Haz click aquí para intentar la prueba.

Estadísticas generales

  • Esta prueba ha sido intentada 1.158 veces
  • La puntuación promedio es 9 de 15

Estadísticas de respuestas

HintRespuesta% Correcto
RodilloRodet
75%
MesaTaula
75%
CalabacínCarbassó
72%
SillaCadira
66%
SetaBolet
64%
MedioMitjà
63%
PepinoCogombre
61%
ZanahoriaPastanaga
59%
RodillaGenoll
58%
LechugaEnciam
50%
GarbanzoCigró
49%
CalcetínMitjó
49%
GolondrinaOreneta
47%
JudíaMongeta
46%
GorriónPardal
40%

Distribución de puntuación

Porcentaje por número respondido

Porcentaje de gente con cada puntuación

Historial de tus puntuaciones

No has intentado esta prueba.